| 000 | 00484cam a2200181 i 4500 | ||
|---|---|---|---|
| 020 | _a0030198569 | ||
| 040 | _cDLC | ||
| 082 | 0 | 0 | _a512 HOL 1978 A025 Or. |
| 100 | 1 | _aYouse, Bevan K. | |
| 245 | 1 | 0 | _aCalculus with analytical geometry / |
| 260 |
_aNew York : _bHolt, Rinehart and Winston, _cc1978. |
||
| 300 |
_axiv, 769, [79] p. : _bill. ; _c26 cm. |
||
| 500 | _aIncludes index. | ||
| 650 | 0 | _aCalculus. | |
| 650 | 0 | _aGeometry, Analytic. | |
| 700 | 1 | _aHardy, F. Lane | |
| 942 | _cEK | ||
| 999 |
_c13614 _d13614 |
||